000 00787nam a2200229 a 4500
001 BRCA_6194
005 20190320205351.0
008 120412s1894----fr-#######---#000-0#fre-#
041 _afre
044 _afr
050 4 _aB1901 A3
_b.P47 1894
245 1 0 _aPensees de Pascal
_bprecedees de sa vie
_cpar Mme. Perrier, sa soeur ; suivies d´un choix des pensees de Nicole et de son traite de la paix avec les hommes.
260 _aParís
_bFirmin-Didot et Cie.
_c1894
300 _a504 p.
_bil., retratos
_c1894
500 _aI54
650 1 4 _aApologética
_yS. XVII
_915583
650 1 4 _aIglésia católica
_xObras polémicas, autores católicos
_915584
740 0 _aPerier, Mme. Gilberte (Pascal); 1620-1685
740 0 _aNicole, Pierre; 1625-1695
902 _aGFM
942 _2lcc
_cB
999 _c5881
_d5881